000 00453nam a2200145Ia 4500
008 211109s9999||||xx |||||||||||||| ||und||
082 _a494.81
_bGUN-M
100 _aGundert, Hermann
245 0 _aMalayalam and English Dictonary
260 _bAsian Educational Services
_aNew Delhi
_c1989
300 _a1116
630 _xPOST GRADUATE REFERENCE
650 _aLanguage
_vOther languages
_xAltaic, uralic, hyperbolean & dravidianMalayalam
942 _cBOOK
999 _c39811
_d39811